Vybrané náklady právnickej osoby a ich vplyv na daňové zaťaženie právnickej osoby v SR diplomová práca

Salvato in:
Dettagli Bibliografici
Autore principale: Blahová, Monika
Ente Autore: Národohospodárska fakulta EU. Katedra financií
Altri autori: Kušnírová, Jana, 1977-
Natura: Libro
Lingua:slovacco
Pubblicazione: Bratislava 2018
Tags: Aggiungi Tag
Nessun Tag, puoi essere il primo ad aggiungerne!!

MARC

LEADER 00000nbm a2200000 4500
001 0244335
005 20181113145151.5
041 0 |a slo 
044 |a SK 
245 1 0 |a Vybrané náklady právnickej osoby a ich vplyv na daňové zaťaženie právnickej osoby v SR  |b diplomová práca  |c Monika Blahová ; školiteľ: Jana Kušnírová 
264 1 |a Bratislava  |c 2018 
300 |a 84 s. 
100 1 |a Blahová, Monika 
700 1 |a Kušnírová, Jana, 1977- 
710 2 |a Národohospodárska fakulta EU. Katedra financií